Choosing the Labour leader : (Record no. 14125)

000 -LEADER
fixed length control field 01224cam a22003374a 4500
001 - CONTROL NUMBER
control field 16582824
005 - DATE AND TIME OF LATEST TRANSACTION
control field 20170105102847.0
008 - FIXED-LENGTH DATA ELEMENTS--GENERAL INFORMATION
fixed length control field 101217s2010 enk b 001 0 eng c
010 ## - LIBRARY OF CONGRESS CONTROL NUMBER
LC control number 2010284218
015 ## - NATIONAL BIBLIOGRAPHY NUMBER
National bibliography number GBB053437
Source bnb
016 7# - NATIONAL BIBLIOGRAPHIC AGENCY CONTROL NUMBER
Record control number 015535985
Source Uk
020 ## - INTERNATIONAL STANDARD BOOK NUMBER
International Standard Book Number 9781848853812 (hbk.)
020 ## - INTERNATIONAL STANDARD BOOK NUMBER
International Standard Book Number 1848853815 (hbk.)
035 ## - SYSTEM CONTROL NUMBER
System control number (OCoLC)ocn619938742
040 ## - CATALOGING SOURCE
Original cataloging agency UKM
Transcribing agency PUL
Modifying agency UKM
-- BWK
-- CDX
-- BWX
-- YDXCP
-- DLC
042 ## - AUTHENTICATION CODE
Authentication code pcc
050 00 - LIBRARY OF CONGRESS CALL NUMBER
Classification number JN1129.L32
Item number H45 2010
082 ## - DEWEY DECIMAL CLASSIFICATION NUMBER
Classification number 324.24107
100 1# - MAIN ENTRY--PERSONAL NAME
Personal name Heppell, Timothy.
245 10 - TITLE STATEMENT
Title Choosing the Labour leader :
Remainder of title Labour Party leadership elections from Wilson to Brown /
Statement of responsibility, etc. Timothy Heppell.
260 ## - PUBLICATION, DISTRIBUTION, ETC.
Place of publication, distribution, etc. London ;
-- New York :
Name of publisher, distributor, etc. Tauris Academic Studies,
Date of publication, distribution, etc. 2010.
300 ## - PHYSICAL DESCRIPTION
Extent xiv, 248 p. ;
Dimensions 23 cm.
490 0# - SERIES STATEMENT
Series statement International library of political studies ;
Volume/sequential designation v. 48
504 ## - BIBLIOGRAPHY, ETC. NOTE
Bibliography, etc. note Includes bibliographical references and index.
610 20 - SUBJECT ADDED ENTRY--CORPORATE NAME
Corporate name or jurisdiction name as entry element Labour Party (Great Britain)
General subdivision Elections.
650 #0 - SUBJECT ADDED ENTRY--TOPICAL TERM
Topical term or geographic name entry element Political leadership
Geographic subdivision Great Britain.
651 #0 - SUBJECT ADDED ENTRY--GEOGRAPHIC NAME
Geographic name Great Britain
General subdivision Politics and government
Chronological subdivision 20th century.
906 ## - LOCAL DATA ELEMENT F, LDF (RLIN)
a 7
b cbc
c pccadap
d 2
e ncip
f 20
g y-gencatlg
942 ## - ADDED ENTRY ELEMENTS (KOHA)
Source of classification or shelving scheme
Koha item type Book
Holdings
Withdrawn status Lost status Damaged status Not for loan Collection code Permanent Location Current Location Shelving location Date acquired Total Checkouts Full call number Barcode Date last seen Price effective from Koha item type
          Centre for International Peace & Stability (CIPS) Centre for International Peace & Stability (CIPS) General Stacks 08/05/2013   324.24107 HEP 2010 CIPS0000464 08/19/2013 08/19/2013 Book
© 2023 Central Library, National University of Sciences and Technology. All Rights Reserved.